Países que tocan el Ecuador - Mapa - Estadísticas

Estadísticas generales
  • Esta prueba ha sido intentada 28 veces
  • La puntuación promedio es 10 de 12
Respuestas en el mapa
Las respuestas están codificadas por una escala verde-roja en el mapa de la prueba según el % correcto abajo.
 
Estadísticas de respuestas
Respuesta % Correcto
Brasil
100%
Colombia
96%
Ecuador
96%
Indonesia
96%
República del Congo
89%
República Democrática del Congo
89%
Kenia
85%
Somalia
78%
Kiribati
74%
Uganda
74%
Gabón
70%
Santo Tomé y Príncipe
44%
No se encontraron pruebas coincidentes
Distribución de puntuación
Porcentaje de gente con cada puntuación
Porcentaje por número respondido
Historial de tus puntuaciones
No has intentado esta prueba.